Normal view
MARC view
Entry Personal Name
001 - CONTROL NUMBER
- control field: 22929
003 - CONTROL NUMBER IDENTIFIER
- control field: ARRUPE
005 - DATE AND TIME OF LATEST TRANSACTION
- control field: 20160315144251.0
008 - FIXED-LENGTH DATA ELEMENTS
- fixed length control field: 160315|| aca||aabn | a|a d
040 ## - CATALOGING SOURCE
- Original cataloging agency: ARRUPE
- Transcribing agency: ARRUPE
100 ## - HEADING--PERSONAL NAME
- Personal name: Davis, James F.
- Fuller form of name: (James Frederick)
670 ## - SOURCE DATA FOUND
- Source citation: Work cat.: (ARRUPE)0: Davis, James F. (James Frederick), Lex talionis in early Judaism and the exhortation of Jesus in Matthew 5.38-42 /, c2005.